FCS Football Teams - Statistics

General Stats
  • This quiz has been taken 12 times
  • The average score is 86 of 123
Answer Stats
Location: Conference: Team Name: Answer % Correct
Abilene, TX UAC Wildcats Abilene Christian
91%
New York, NY IVY Lions Columbia
91%
Ithaca, NY IVY Big Red Cornell
91%
Hanover, NH IVY Big Green Dartmouth
91%
Elon, NC CAA Phoenix Elon
91%
Cambridge, MA IVY Crimson Harvard
91%
Normal, IL MVFC Redbirds Illinois State
91%
Terre Haute, IN MVFC Sycamores Indiana State
91%
Orono, ME CAA Black Bears Maine
91%
Missoula, MT BIG SKY Grizzlies Montana
91%
Bozeman, MT BIG SKY Bobcats Montana State
91%
Murray, KY MVFC Racers Murray State
91%
Flagstaff, AZ BIG SKY Lumberjacks Northern Arizona
91%
Philadelphia, PA IVY Quakers Penn
91%
Princeton, NJ IVY Tigers Princeton
91%
Vermillion, SD MVFC Coyotes South Dakota
91%
Brookings, SD MVFC Jackrabbits South Dakota State
91%
Baton Rouge, LA SWAC Jaguars Southern
91%
New Haven, Ct IVY Bulldogs Yale
91%
Youngstown, OH MVFC Penguins Youngstown State
91%
Normal, AL SWAC Bulldogs Alabama A&M
82%
Montgomery, AL SWAC Hornets Alabama State
82%
Albany, NY CAA Great Danes Albany
82%
Pine Bluff, AR SWAC Golden Lions Arkansas Pine-Bluff
82%
Providence, RI IVY Bears Brown
82%
San Luis Obispo, CA BIG SKY Mustangs Cal Poly
82%
Conway, AR UAC Bears Central Arkansas
82%
Chattanooga, TN SOCON Mocs Chattanooga
82%
Dover, DE MEAC Hornets Delaware State
82%
Cheney, WA BIG SKY Eagles Eastern Washington
82%
Tallahassee, FL SWAC Rattlers Florida A&M
82%
Grambling, LA SWAC Tigers Grambling State
82%
Moscow, ID BIG SKY Vandels Idaho
82%
Pocatello, ID BIG SKY Bengals Idaho State
82%
Bethlehem, PA PATRIOT Mountain Hawks Lehigh
82%
Itta Bena, MS SWAC Delta Devils Mississippi Valley State
82%
Norfolk, VA MEAC Spartans Norfolk State
82%
Grand Forks, ND MVFC Fighting Hawks North Dakota
82%
Prairie View, TX SWAC Panthers Prairie View A&M
82%
Kingston, RI CAA Rams Rhode Island
82%
San Diego, CA PFL Toreros San Diego
82%
Cookeville, TN OVC Golden Eagles Tennessee Tech
82%
Davis, CA BIG SKY Aggies UC Davis
82%
St. George, UT BIG SKY* Trailblazers Utah Tech
82%
Martin, TN OVC Skyhawks UT Martin
82%
Villanova, PA PATRIOT Wildcats Villanova
82%
Williamsburg, VA PATRIOT Tribe William & Mary
82%
Indianapolis, IN PFL Bulldogs Butler
73%
Davidson, NC PFL Wildcats Davidson
73%
Dayton, OH PFL Flyers Dayton
73%
Charleston, IL OVC Panthers Eastern Illinois
73%
Commerce, TX SOUTHLAND Lions East Texas A&M
73%
Jackson, MS SWAC Tigers Jackson State
73%
Lake Charles, LA SOUTHLAND Cowboys McNeese
73%
Morehead, KY PFL Eagles Morehead State
73%
Durham, NH CAA Wildcats New Hampshire
73%
Greeley, CO BIG SKY Bears Northern Colorado
73%
Cedar Falls, IA MVFC Panthers Northern Iowa
73%
Portland, OR BIG SKY Vikings Portland State
73%
Richmond, VA PATRIOT Spiders Richmond
73%
Orangeburg, SC MEAC Bulldogs South Carolina State
73%
Cape Girardeau, MO OVC Redhawks Southeast Missouri State
73%
Stony Brook, NY CAA Seawolves Stony Brook
73%
St. Paul, MN PFL Tommies St. Thomas
73%
Nashville, TN OVC Tigers Tennessee State
73%
Valparaiso, IN PFL Beacons Valparaiso
73%
Lorman, MS SWAC Braves Alcorn State
64%
Clarksville, TN UAC Governors Austin Peay
64%
Daytona Beach, FL SWAC Wildcats Bethune - Cookman
64%
Smithfield, RI CAA Bulldogs Bryant
64%
Lewisburg, PA PATRIOT Bison Bucknell
64%
Buies Creek, NC CAA Fighting Camels Campbell
64%
New Britain, CT NEC Blue Devils Central Connecticut
64%
North Charleston, SC OVC Buccaneers Charleston Southern
64%
Hamilton, NY PATRIOT Raiders Colgate
64%
Des Moines, IA PFL Bulldogs Drake
64%
Richmond, KY UAC Colonels Eastern Kentucky
64%
Johnson City, TN SOCON Buccaneers East Tennessee State
64%
New York, NY PATRIOT Rams Fordham
64%
Greenville, SC SOCON Paladins Furman
64%
Washington, D.C PATRIOT Hoyas Georgetown
64%
Worcester, MA PATRIOT Crusaders Holy Cross
64%
Houston, TX SOUTHLAND Huskies Houston Christian
64%
Washington, D.C MEAC Bison Howard
64%
Easton, PA PATRIOT Leopards Lafayette
64%
Beaumont, TX SOUTHLAND Cardinals Lamar
64%
St. Charles, MO OVC Lions Lindenwood
64%
Macon, GA SOCON Bears Mercer
64%
West Long Branch, NJ CAA Hawks Monmouth
64%
Thibodaux, LA SOUTHLAND Colonels Nicholls
64%
Florence, AL UAC Lions North Alabama
64%
Natchitoches, LA SOUTHLAND Demons Northwestern State
64%
Birmingham, AL SOCON Bulldogs Samford
64%
Hammond, LA SOUTHLAND Lions Southeastern Louisiana
64%
Cedar City, UT BIG SKY* Thunderbirds Southern Utah
64%
Houston, TX SWAC Tigers Texas Southern
64%
Charleston, SC SOCON Bulldogs The Citadel
64%
Towson, MD CAA Tigers Towson
64%
Brownsville, TX SOUTHLAND Vaqueros UTRGV
64%
Lexington, VA SOCON Keydets VMI
64%
Pittsburgh, PA NEC Dukes Duquesne
55%
Boiling Springs, NC OVC Runnin' Bulldogs Gardner-Webb
55%
Hampton, VA CAA Pirates Hampton
55%
San Antonio, TX SOUTHLAND Cardinals Incarnate Word
55%
Poughkeepsie, NY PFL Red Foxes Marist
55%
North Andover, MA IND. Warriors Merrimack
55%
Greensboro, NC CAA Aggies North Carolina A&T
55%
Durham, NC MEAC Eagles North Carolina Central
55%
Moon Township, PA NEC Colonials Robert Morris
55%
Nacogdoches, TX SOUTHLAND Lumberjacks Stephen F. Austin
55%
DeLand, FL PFL Hatters Stetson
55%
Stephenville, TX UAC Texans Tarleton State
55%
Ogden, UT BIG SKY Wildcats Weber State
55%
Spartanburg, SC SOCON Terriers Wofford
55%
Brookville, NY NEC Sharks LIU
45%
Baltimore, MD MEAC Bears Morgan State
45%
Clinton, SC PFL Blue Hose Presbyterian
45%
New York, NY NEC Seahawks Wagner
45%
Cullowhee, NC SOCON Catamounts Western Carolina
45%
Fairfield, CT IND. Pioneers Sacred Heart
36%
Easton, MA NEC Skyhawks Stonehill
36%
Macomb, IL OVC Leathernecks Western Illinios
9%
Carbondale, IL MVFC Salukis Southern Illinios
0%
No matching quizzes found
Score Distribution
Percent of People with Each Score
Percentile by Number Answered
Your Score History
You have not taken this quiz